Central Library OPAC University of Rajshahi

History of British India under the company and the crown / (Record no. 25993)

MARC details
000 -LEADER
fixed length control field 00795nam a2200253 a 4500
001 - CONTROL NUMBER
control field 25993
003 - CONTROL NUMBER IDENTIFIER
rucl marc code BD-RjUL
005 - DATE AND TIME OF LATEST TRANSACTION
control field 20211209050945.0
008 - FIXED-LENGTH DATA ELEMENTS--GENERAL INFORMATION
fixed length control field 140323r19581952enka 001 0 eng
035 ## - SYSTEM CONTROL NUMBER
System control number (BD-RjUL)26063
040 ## - CATALOGING SOURCE
Original cataloging agency DLC
Transcribing agency DLC
Modifying agency DLC
-- BD-RjUL
Language of cataloging eng
041 ## - LANGUAGE CODE
Language code of text/sound track or separate title eng
082 00 - DEWEY DECIMAL CLASSIFICATION NUMBER
Classification number 954.08
Author mark and year ROH 1967
100 1# - MAIN ENTRY--PERSONAL NAME
Personal name Roberts, P. E.
Fuller form of name (Paul Ernest),
Dates associated with a name 1873-1949.
9 (RLIN) 79869
245 00 - TITLE STATEMENT
Title History of British India under the company and the crown /
Statement of responsibility, etc. P.E. Roberts
250 ## - EDITION STATEMENT
Edition statement 3d ed.
260 ## - PUBLICATION, DISTRIBUTION, ETC. (IMPRINT)
Place of publication, distribution, etc. London :
Name of publisher, distributor, etc. Oxford University Press,
Date of publication, distribution, etc. 1952.[reprinting 1958,1967, 1970].
300 ## - PHYSICAL DESCRIPTION
Pagination 707 p. :
Illustrations ill. ;
Size 19 cm.
504 ## - BIBLIOGRAPHY, ETC. NOTE
Bibliography, etc Includes index.
651 #0 - SUBJECT ADDED ENTRY--GEOGRAPHIC NAME
Geographic name India
General subdivision History
Chronological subdivision British occupation, 1765-1947.
9 (RLIN) 81937
942 ## - ADDED ENTRY ELEMENTS (KOHA)
Source of classification or shelving scheme Dewey Decimal Classification
Koha item type Books
Holdings
Lost status Source of classification or shelving scheme Damaged status Not for loan Collection code Permanent Location Current Location Shelving location Date acquired Source of acquisition Total Checkouts Full call number Date last seen Copy number Koha item type Cost, normal purchase price
  Dewey Decimal Classification     Non-fiction Central Library, University of Rajshahi Central Library, University of Rajshahi   17/02/1973 Britain   954.08 ROH 1967 23/03/2014 C-10 Books  
  Dewey Decimal Classification     Non-fiction Central Library, University of Rajshahi Central Library, University of Rajshahi   17/02/1973 Britain   954.08 ROH 1970 23/03/2014 C-5 Books  
  Dewey Decimal Classification     Non-fiction Central Library, University of Rajshahi Central Library, University of Rajshahi   17/02/1973 Britain   954.08 ROH 1958 23/03/2014 C-8 Books  
  Dewey Decimal Classification     Non-fiction Central Library, University of Rajshahi Central Library, University of Rajshahi   17/02/1973 Britain   954.08 ROH 1967 24/03/2014 C-2 Books  
  Dewey Decimal Classification     Non-fiction Central Library, University of Rajshahi Central Library, University of Rajshahi   17/02/1973 Britain Gift   954.08 ROH 1967 29/03/2014 C-9 Books 0.00
  Dewey Decimal Classification   Added to bundle Non-fiction Central Library, University of Rajshahi Central Library, University of Rajshahi Reading Room 06/12/1968 Zitlinger   954.08 ROH 1967 30/03/2014 C-1 Books 30.00
  Dewey Decimal Classification     Non-fiction Central Library, University of Rajshahi Central Library, University of Rajshahi   20/02/1963 Zeitlinger   954.08 ROH 1952 10/04/2014 C-4 Books 25.00
  Dewey Decimal Classification       Central Library, University of Rajshahi Central Library, University of Rajshahi   29/05/2014     954.08 ROH 1970 29/05/2014 C-3 Books  
  Dewey Decimal Classification     Non-fiction Central Library, University of Rajshahi Central Library, University of Rajshahi   17/02/1973 Britain   954.08 ROH 1970 29/02/2016 C-6 Books  
  Dewey Decimal Classification     Non-fiction Central Library, University of Rajshahi Central Library, University of Rajshahi   17/02/1973 Britain   954.08 ROH 1970 29/02/2016 C-7 Books